| 000 | 01115nam a2200277 a 4500 | ||
|---|---|---|---|
| 001 | 21585 | ||
| 003 | CO-ViMGA | ||
| 008 | 141112s2004 ck r 000 u spa d | ||
| 020 | _a. | ||
| 020 | _a8484561321 | ||
| 040 |
_aCO-ViMGA _bspa _cCO-ViMGA |
||
| 082 | 0 | 4 | _a345 M856d |
| 100 | 1 |
_aMuñoz Conde, Francisco _919475 |
|
| 245 | 1 | 0 |
_aDerecho Penal : _bParte Especial |
| 250 | _a15 | ||
| 260 |
_aValencia : _bTirant lo blanch libros, _c2004 |
||
| 300 | _a1078 | ||
| 505 | _aDelitos contra los valores de la personalidad 33 - - Delitos contra los valores patrimoniales y socioeconómicos 363 - - Delitos contra los valores sociales y supraestatales 557 - - Delitos contra el estado 753 - - Delitos contra el orden público 873 | ||
| 590 | _aForma de adquisición : Donación fact. 8852 - - Precio : 165900 - - Proveedor : Fundación exito - - Fecha de adquisición : Junio 2007 | ||
| 650 | 1 | 4 |
_aDELITOS _93324 |
| 650 | 1 | 4 |
_aDELITOS CONTRA LA ADMINISTRACION PUBLICA _97828 |
| 650 | 1 | 4 |
_aDELITOS CONTRA LA PERSONA _922775 |
| 650 | 1 | 4 |
_aDELITOS ECONOMICOS _96224 |
| 650 | 1 | 4 | _aDERECHO PENAL |
| 942 |
_2ddc _cBK |
||
| 999 |
_c30161 _d30161 |
||